000 00574nam a2200217Ia 4500
003 OSt
005 20220928145009.0
006 a|||||r|||| 00| 0
007 ta
008 220927b |||||||| |||| 00| 0 eng d
024 _a78039
037 _cTextual
040 _aSDCL
_cSDCL
_beng
041 _2eng
_aeng
082 _aV595'N7<-N45, M2
100 _aChecinski Michael
_9511125
245 0 _aPoland
_b Communism, nationalism antisemitism.
260 _c1982
942 _hV595'N7<-N45, M2
_cTEXL
_2CC
999 _c831346
_d831346